Les plus gros transferts du football - Arrières droits - 2014-2015 - Statistiques

Statistiques générales
  • Ce quiz a été pris 14 fois
  • Le résultat moyen est 2 sur 9
Statistiques - réponses
Montant de transfert (M €) Nationalité Venant de Allant à Joueur % Correct
15,00 France Newcastle United Arsenal Mathieu Debuchy
92%
2,60 États-Unis Seattle Tottenham DeAndre Yedlin
42%
6,00 Pays-Bas Feyenoord Newcastle United Daryl Janmaat
17%
2,75 Argentine Catania Calcio Boca Juniors Gino Peruzzi
8%
5,50 Pays-Bas Genoa Sassuolo Sime Vrsaljko
8%
4,00 Brésil FC São Paulo Barcelone Douglas
0%
6,60 Angleterre Tottenham Swansea City Kyle Naughton
0%
3,17 Colombie Atlético Nacional Monterrey Stefan Medina
0%
4,75 Allemagne / Turquie Eskisehirspor Galatasaray Tarık Çamdal
0%
Aucun quiz correspondant
Distribution des résultats
% des personnes avec chaque résultat
Percentile par nombre de réponses
Votre historique - résultats
Vous n’avez pas pris ce quiz